Handbook of soil conditioners: Substances that enhance the physical properties of soil (Record no. 41484)

MARC details
000 -LEADER
fixed length control field 00417nam a2200133Ia 4500
082 ## - DEWEY DECIMAL CLASSIFICATION NUMBER
Classification number 631.43(035)
Item number WAL
245 #0 - TITLE STATEMENT
Title Handbook of soil conditioners: Substances that enhance the physical properties of soil
260 ## - PUBLICATION, DISTRIBUTION, ETC. (IMPRINT)
Place of publication New York
Name of publisher Marcel Dekker
Year of publication 1998
650 ## - SUBJECT ADDED ENTRY--TOPICAL TERM
Topical Term Polymer soil conditioners
700 ## - ADDED ENTRY--PERSONAL NAME
Personal name Terry, Richard E
700 ## - ADDED ENTRY--PERSONAL NAME
Personal name Wallace, Arthur
942 ## - ADDED ENTRY ELEMENTS (KOHA)
Koha item type Books
Holdings
Withdrawn status Lost status Damaged status Not for loan Home library Current library Date acquired Cost, normal purchase price Full call number Accession Number Koha item type
        RRII Library RRII Library 16/12/2021 175.00 631.43(035) WAL 21770 Books